Código de procedimiento civil: edición oficial. Aprobada por el Decreto Exento No 3297, de 5 de octubre de 2015, del Ministerio de Justicia

Gorde:
Xehetasun bibliografikoak
Erakunde egilea: Chile
Formatua: Liburua
Hizkuntza:gaztelania
Argitaratua: Santiago, Chile: Juridica, 2016
Edizioa:Vigésima Segunda Edición.
Gaiak:
Etiketak: Etiketa erantsi
Etiketarik gabe, Izan zaitez lehena erregistro honi etiketa jartzen!

MARC

LEADER 00000cam a2200000 a 4500
001 UCD4878
003 CL-VaPUC
005 20250416110212.0
008 160722e20160600cl |||||||||||||||||spa|d
999 |c 365670  |d 365668 
020 |a 9789561023857 
040 |c Pontificia Universidad Católica de Valparaíso 
082 0 4 |a 347.83 CHI 2016  |2 21 
110 1 |a Chile  |9 890760 
245 1 0 |a Código de procedimiento civil: edición oficial. Aprobada por el Decreto Exento No 3297, de 5 de octubre de 2015, del Ministerio de Justicia 
250 |a Vigésima Segunda Edición. 
260 |a Santiago, Chile:  |b Juridica,  |c 2016 
300 |a 509 páginas 
505 |a Mensaje del Código de Procedimiento Civil. Mensaje sobre modificaciones a este Código. Decreto N.º 1.107, del Ministerio de Justicia, que aprueba el texto del Código. Ley N.º 1.552. -Libro Primero. Disposiciones Comunes a Todo Procedimiento. -Libro Segundo. Del Juicio Ordinario. -Libro Tercero. De los Juicios Especiales. -Libro Cuarto. De los Actos Judiciales No Contenciosos. Apéndice (Actualizado al 13 de mayo de 2016): -Ley N.º 14.908. D.F.L. N.º 1. Fija el texto refundido, coordinado y sistematizado de la Ley sobre abandono de familia y pago de pensiones alimenticias. -Ley N.º 16.271. Ley de Impuesto a las Herencias, Asignaciones y Donaciones. -Ley N.º 18.120. Establece normas sobre comparecencia en juicio y modifica los artículos 4° del Código de Procedimiento Civil y 523 del Código Orgánico de Tribunales. -Ley N.º 20.066. Establece Ley de Violencia Intrafamiliar. -Ley N.º 19.968, crea los Tribunales de Familia. 
583 |a last modification  |c 20160722 23:21:00  |k Rodrigo Vera 
650 1 |a Derecho civil chileno   |9 320612 
650 1 |a Procedimiento civil   |z Chile  |9 890903 
650 1 0 |a Código civil chileno  |9 255931 
650 1 |a Juicio ordinario   |9 254867 
650 1 |a Juicios especiales   |9 348378 
650 1 |a Actos judiciales no contenciosos  |9 391844 
942 |c BK  |2 ddc 
945 |d 20160722 23:21:00  |a arojas 
952 |0 0  |1 0  |3 erb  |4 0  |6 347_830000000000000_CHI_2016  |7 0  |8 R  |9 479586  |a BIBDER  |b BIBDER  |i 5298970  |l 2  |m 5  |o 347.83 CHI 2016  |p 5298970  |q 2025-12-31  |r 2021-10-11  |s 2021-10-11  |w 2019-11-24  |y BK_R  |z Catalogado en:20160722  |k DER 
952 |0 0  |1 0  |3 erb  |4 0  |6 347_830000000000000_CHI_2016  |7 0  |8 R  |9 479587  |a BIBDER  |b BIBDER  |i 5298989  |l 1  |o 347.83 CHI 2016  |p 5298989  |r 2023-01-25  |s 2022-05-27  |w 2019-11-24  |y BK_R  |z Catalogado en:20160722  |k DER 
952 |0 0  |1 0  |3 erb  |4 0  |6 347_830000000000000_CHI_2016  |7 0  |8 R  |9 479588  |a BIBDER  |b BIBDER  |i 5340004  |o 347.83 CHI 2016  |p 5340004  |r 2023-01-25  |w 2019-11-24  |y BK_R  |z Catalogado en:20160902  |k DER